000 00639nam a22001937a 4500
999 _c62279
_d62279
005 20240913110950.0
008 240913s2021 enk||||| |||| 00| 0 eng d
020 _a9781639875238x
041 _aeng
080 _a338.48 B-91
100 _aBryant, Tim
_923211
245 _aThe Business of Travel Agency and Tour Operations /
_cTim Bryant.
264 _aNew York :
_bMurphy & Moore Publishing,
_c2021.
300 _a232 p.:
_bill.;
_c26 cm.
653 _aტურისტული სააგენტო
653 _aტურისტული ოპერაციები
653 _aტურიზმი
942 _2udc
_cBK